Schraubenkompressoren Serie SX, SM
Uložené v:
| Korporácia: | , |
|---|---|
| Médium: | Kniha |
| Jazyk: | German |
| Vydané: |
2004
|
| Fyzický popis: |
zlož. l. |
| Tagy: |
Pridať tag
Žiadne tagy, Buďte prvý kto otaguje tento záznam!
|
Titul je dostupný aj v ... 

MARC
| LEADER | 00000nam a2200000 a 4500 | ||
|---|---|---|---|
| 001 | 000326310 | ||
| 005 | 20050203085700.0 | ||
| 008 | 050203s2004 e gero | ||
| 040 | |a KE001 |b slo | ||
| 080 | |a 621.515.4 |2 undef | ||
| 110 | 2 | |a KAESER Kompressoren GmbH (Nemecko) |4 aut | |
| 245 | 1 | 0 | |a Schraubenkompressoren Serie SX, SM |
| 260 | |c 2004 | ||
| 300 | |a zlož. l. | ||
| 710 | 2 | |a AIR Consulting, spol. s r.o. (Janotova 15, 841 05 Bratislava 4) |4 com | |
| 850 | |a KE001 | ||
| 998 | |a FL | ||
| 992 | |a FFP | ||
| 090 | |g SCKHL |k SK42 |a 621.515.4 |j 209957 |i I73 |4 zastaraná |s Vyradená | ||